01360nam a2200313 i 4500001001000000003000900010005001700019007000300036008004100039020001500080040003000095082002300125245016600148264003500314300002600349336002700375337003300402338002800435500007300463500005400536505013900590650003900729650005500768700004400823700004400867700004900911700004100960710004501001000008711DO-SdBNP20240307073941.0ta090918s1981 dr 001 0 spa d a8489525072 aDO-SdBNPbspacBNPHUerda 4aRD860.8bA634L22200aAntología literaria dominicana /ceditor, Margarita Vallejo de Paredes ; colaboradores, Lilia Portalatín Sosa, Pedro Pablo Paredes V., Jorge Max Fernández. aSanto Domingo :bINTEC,c1981. a5 volumenes ;c28 cm. 2rdacontentatextobtxt 2rdamediaasin mediaciónbn 2rdacarrieravolumenbnc aIncluye referencias bibliográficas y notas al pie de las páginas aLa biblioteca posee el volumen I, II, III, IV y V2 av.1--tPoesía--gv.2--tCuento--gv.3--tTeatro--gv.4--tDiscursos, semblanzas y ensayos--gv.5--tFolklore e índice acumulativo. 4aLiteratura dominicanaxColecciones 4aLiteratura dominicanaxEnsayos, conferencias, etc.1 aVallejo de Paredes, Margarita,eeditora1 aPortalatín Sosa, Lilia,ecolaboradora1 aPablo Paresdes V., Pedro Pablo,ecolaborador1 aFernández, Jorge Max,ecolaborador2 aInstituto Tecnológico de Santo Domingo